The Economy Today. (Record no. 415)
[ view plain ]
| 005 - DATE AND TIME OF LATEST TRANSACTION | |
|---|---|
| control field | 20250620161602.0 |
| 020 ## - INTERNATIONAL STANDARD BOOK NUMBER | |
| International Standard Book Number | 0-07-057711-0 |
| 082 ## - DEWEY DECIMAL CLASSIFICATION NUMBER | |
| Classification number | 330 SCH |
| 100 ## - MAIN ENTRY--PERSONAL NAME | |
| Author name | SCHILLER, B. R. |
| 245 ## - TITLE STATEMENT | |
| Title | The Economy Today. |
| 250 ## - EDITION STATEMENT | |
| Edition statement | 7thEd. |
| 260 ## - PUBLICATION, DISTRIBUTION, ETC. | |
| Place of publication, distribution, etc. | California, |
| Name of publisher, distributor, etc. | McGraw-Hill Companies, |
| Date of publication, distribution, etc. | 1997. |
| 300 ## - PHYSICAL DESCRIPTION | |
| Extent | xxxi,904p.: ill.; figures, graph, table. |
| Other physical details | Glossary & Index. |
| Dimensions | 26cm. |
| 942 ## - ADDED ENTRY ELEMENTS (KOHA) | |
| Source of classification or shelving scheme | Dewey Decimal Classification |
| Koha item type | Books |
| Date last seen | Total checkouts | Full call number | Barcode | Cost, replacement price | Price effective from | Koha item type | Lost status | Source of classification or shelving scheme | Damaged status | Not for loan | Withdrawn status | Home library | Current library | Shelving location | Date acquired | Cost, normal purchase price |
|---|---|---|---|---|---|---|---|---|---|---|---|---|---|---|---|---|
| 06/28/2025 | 330SCH | DOM0002686 | 90000.00 | 06/28/2025 | Books | Dewey Decimal Classification | CBE Dodoma | CBE Dodoma | General Collection | 03/11/2005 | 30000.00 | |||||
| 03/11/2025 | 330 SCH | 0000001258 | 90000.00 | 03/11/2025 | Books | Dewey Decimal Classification | College of Business Education Main Library | College of Business Education Main Library | General Collection | 03/11/2025 | 30000.00 | |||||
| 03/11/2025 | 330 SCH | 0000001251 | 90000.00 | 03/11/2025 | Books | Dewey Decimal Classification | College of Business Education Main Library | College of Business Education Main Library | General Collection | 03/11/2025 | 30000.00 | |||||
| 03/11/2025 | 330 SCH | 0000001259 | 90000.00 | 03/11/2025 | Books | Dewey Decimal Classification | College of Business Education Main Library | College of Business Education Main Library | General Collection | 03/11/2025 | 30000.00 | |||||
| 03/11/2025 | 330 SCH | 0000001324 | 90000.00 | 03/11/2025 | Books | Dewey Decimal Classification | College of Business Education Main Library | College of Business Education Main Library | General Collection | 03/11/2025 | 30000.00 |
